000 00665nam a22001937a 4500
003 OSt
005 20251205061135.0
008 251205b |||||||| |||| 00| 0 eng d
020 _a81-242-0134-X
040 _aDWC-Main lib
_cOC
082 _21st edition 2000
_aCirc. 029.1 K22 2000
100 _aKawatra, P.S.
245 _a2000 Plus :
_bLibrary and information systems in the 21st century
_cKawatra, P.S.
260 _bCrest Publishing House,
_cc2000
300 _avii, 426 pages ;
_c23 cm.
504 _aIncludes index
650 _2Libraries - Automation
942 _2ddc
_cBK-CIRC
_e1st edition 2000
_hCirc. 029.1 K22 2000
_n0
999 _c6947
_d6947